The 30 Best National Basketball Teams - Statistics

General Stats
  • This quiz has been taken 1,677 times
  • The average score is 15 of 30
Answer Stats
Rank National Team % Correct
1 United States
99%
2 Spain
92%
5 France
87%
3 Argentina
82%
25 Canada
81%
14 China
81%
9 Brazil
80%
18 Germany
78%
6 Russia
78%
11 Australia
75%
19 Mexico
69%
7 Serbia
63%
10 Greece
57%
12 Croatia
52%
4 Lithuania
51%
8 Turkey
47%
24 Nigeria
45%
21 New Zealand
42%
13 Slovenia
40%
22 Great Britain
38%
28 South Korea
33%
17 Iran
28%
15 Puerto Rico
28%
27 Venezuela
25%
20 Dominican Republic
20%
16 Angola
18%
26 Uruguay
15%
30 Senegal
14%
23 Tunisia
9%
29 Jordan
7%
No matching quizzes found
Score Distribution
Percent of People with Each Score
Percentile by Number Answered
Your Score History
You have not taken this quiz